<Les> Tiers nations en mal d'industrie
Uložené v:
| Ďalší autori: | , |
|---|---|
| Médium: | Kniha |
| Jazyk: | French |
| Vydavateľské údaje: |
Paris
Economica
1988
|
| Vydanie: | 1. éd. |
| Predmet: | |
| Tagy: |
Žiadne tagy, Buďte prvý, kto otaguje tento záznam!
|
MARC
| LEADER | 00000nam a2200000 4500 | ||
|---|---|---|---|
| 001 | c021237 | ||
| 005 | 20221206134613.5 | ||
| 020 | |a 2-7178-1427-2 | ||
| 041 | 0 | |a fre | |
| 044 | |a FR | ||
| 245 | 1 | 0 | |a <Les> Tiers nations en mal d'industrie |c Edit. Jacques de Bandt, Philippe Hugon |
| 250 | |a 1. éd. | ||
| 264 | 1 | |a Paris |b Economica |c 1988 | |
| 300 | |a 335 s. | ||
| 610 | 2 | 0 | |a krajiny rozvojové |
| 610 | 2 | 0 | |a problémy globálne |
| 610 | 2 | 0 | |a priemysel |
| 610 | 2 | 0 | |a kríza |
| 610 | 2 | 0 | |a trh |
| 610 | 2 | 0 | |a kapitál |
| 610 | 2 | 0 | |a regulácia |
| 610 | 2 | 0 | |a vzťahy ekonomické |
| 700 | 1 | |a Bandt, Jacques de | |
| 700 | 1 | |a Hugon, Philippe | |